| 000 | 00455nam a2200193Ia 4500 | ||
|---|---|---|---|
| 008 | 210210b1888 xxu||||| |||| 00| 0 eng d | ||
| 041 | _aeng | ||
| 082 | _a829/847t | ||
| 100 | _aQUILLER (Couch) | ||
| 245 | _aAstonishing history of Troy town | ||
| 260 |
_aLondon _bJ M Dent & Sons Ltd. _c1888 |
||
| 650 | _aTroy | ||
| 650 | _atown | ||
| 650 | _aof | ||
| 650 | _ahistory | ||
| 650 | _aAstonishing | ||
| 690 | _aEnglish Fiction | ||
| 906 | _a017464 | ||
| 999 |
_c137430 _d137430 |
||